1143 1632 1829 1002 1983 1018 1004 1400 1529 1681 1741 1658 1464 1236 1492 1087 1949 1288 1241 1079 1290 1612 1238 1992 1106 1879 1981 1313 1883 1303 1276 1010 1109 1002 1589 1574 1179 1174 1199 1183 1838 1151 1599 1263 1014 1858 1957 1515 1165 1417 1599 1635 1177 1195 1975 1681 1442 1631 1296 1523 1460 1601 1248 1483 1634 1169 1891 1011 1613 1443 1587 1400 1957 1069 1925 1564 1974 1802 1281 1635 1185 1149 1608 1143 1368 1808 1711 1983 1238 1920 1645 1549 1649 1840 1636 1846 1279 1897 1155 BCNSPRNW ULIB Ver.6.0+V

เปลี่ยนเป็นภาษาไทย

Change to English
 แสดงรายละเอียดบรรณานุกรม
  กลับหน้าหลัก

Brief Record : Get Marc (ISO 2709) : E-mail record : QR code < ปิดหน้าต่าง
LEADER : 00000nam 2200000uu 4500
001    13399113483
003     ULIB
008    111121s2550||||th 000 0 tha d
020    ^a9789740201755
060 04 ^aQZ200^bส138ป 2550
100 0  ^aสงวน นิตยารัมภ์พงศ์
245 10 ^aเปลี่ยนมะเร็งเป็นพลัง /^cสงวน นิตยารัมภ์พงศ์
250    ^aพิมพ์ครั้งที่ 1
260    ^aกรุงเทพฯ :^bมติชน,^c2550
300    ^a106 หน้า :^bภาพประกอบ ;^c21 ซม.
650  7 ^aมะเร็ง^xการรักษา
650  7 ^aเนื้องอก^xการรักษา
650  7 ^aปอด^xเนื้องอก^xการดูแล
945    ^p220^l0^i15056
995    ^aกัณชพร
999    ^aใช้งานได้ทุกระบบ
รายการนี้ยังไม่มีแท็ก
คุณยังไม่ได้ล็อกอิน คุณสามารถมีกิจกรรมร่วมกับเว็บไซต์ได้ แต่ต้องล็อกอินก่อน ::
  ล็อกอิน

รายการสื่อสารสนเทศ

ลำดับที่ ประเภท เลขเรียก/บาร์โค้ด สถานที่ สถานะ
- ไม่พบข้อมูล -

รายการใกล้เคียง
    ผู้แต่ง [สงวน นิตยารัมภ์พงศ์]

    หัวเรื่อง [มะเร็ง การรักษา]

BibComment


ยังไม่เคยถูกคอมเมนท์

คอมเมนท์ทรัพยากรรายการนี้
  คอมเมนท์: เปลี่ยนมะเร็งเป็..


 Copyright 2026. Bcnsprnw @Library